Movie Bromances Quiz Stats

 Plays Quiz Updated May 31, 2016

Challenge
Share
Tweet
Score 0/25 Timer 07:00
4 Plays Today
% Correct
Star Wars: A New Hope
96.4%
Toy Story
95.9%
Ted
95%
Dumb and Dumber
95%
The SpongeBob SquarePants Movie
94.9%
Sherlock Holmes
93.4%
Fast 5
92.1%
Lord of the Rings: The Return of the King
91.2%
Wedding Crashers
89.4%
The Shawshank Redemption
89.1%
Top Gun
87.6%
Step Brothers
86.3%
21 Jump Street
86%
% Correct
Wayne's World
83.7%
Rush Hour 3
79.6%
Superbad
78.2%
The Bucket List
78%
Dude, Where's My Car?
77.6%
Lethal Weapon 2
75.9%
Bill and Ted's Excellent Adventure
73%
Hot Fuzz
67%
Point Break
60.5%
Tenacious D: The Pick of Destiny
56.2%
I Love You, Man
52%
Swingers
44.8%

You're not logged in!

Compare scores with friends on all Sporcle quizzes.
OR
Log In

You Might Also Like...

Show Comments

Extras

Top Quizzes Today


Score Distribution

Your Account Isn't Verified!

In order to create a playlist on Sporcle, you need to verify the email address you used during registration. Go to your Sporcle Settings to finish the process.

Report this User

Report this user for behavior that violates our Community Guidelines.

Details: